Sobre TLC CA-USA /

محفوظ في:
التفاصيل البيبلوغرافية
المؤلف الرئيسي: Cambronero Méndez, Lorenzo
التنسيق: نص
الوسوم: إضافة وسم
لا توجد وسوم, كن أول من يضع وسما على هذه التسجيلة!

MARC

LEADER 00000 a a2200000 04500
001 8231
003
040
100 |a Cambronero Méndez, Lorenzo  
245 |a Sobre TLC CA-USA /  |c Lorenzo Cambronero Méndez  
773 |g volumen 6, número 4; páginas 34-35  
999 |c 27214  |d 27214